000 00668nam a2200289Ia 4500
005 20260324144801.0
008 008 260324s9999 xx 000 0 eng d
020 _a9781315193243
037 _aEBOOK
040 _aCRL
040 _beng
040 _cCRL
041 _2eng
041 _aeng
084 _qCRL
100 _aNick Butler
_91220590
245 4 _aThe International Grain Trade
245 0 _bProblems and Prospects
260 _bTaylor and Francis
260 _c1986
365 _a
365 _b205
856 _uhttp://www.taylorfrancis.com/books/9781315193243
942 _cEBOOK
999 _c1827649
_d1827649